| Tag |
First Indicator |
Second Indicator |
Subfields |
| LEADER |
00000cam a2200000 4500 |
| 001 |
in00000052635 |
| 005 |
20151007072154.0 |
| 008 |
750724s1947 nyuac 00010 eng u |
| 010 |
|
|
|a med47002429
|
| 035 |
|
|
|a (OCoLC)01472973
|
| 035 |
|
|
|9 AAE7368AM
|
| 040 |
|
|
|c DZM
|d TXA
|d UtOrBLW
|
| 049 |
|
|
|a TXAM
|c [145020]
|
| 050 |
0 |
0 |
|a QR41
|b .S93 1947
|
| 082 |
0 |
|
|a 589.95
|
| 092 |
|
|
|a 589.95
|b S978g2
|
| 100 |
1 |
|
|a Swingle, Deane B.
|q (Deane Bret),
|d 1879-1944.
|
| 245 |
1 |
0 |
|a General bacteriology /
|c by D. B. Swingle ...
|
| 264 |
|
1 |
|a New York :
|b D. Van Nostrand Co.,
|c 1947.
|
| 300 |
|
|
|a xiv, 313 pages including frontispiece (port.) illustrations, diagrams ;
|c 24 cm.
|
| 336 |
|
|
|a text
|b txt
|2 rdacontent
|
| 337 |
|
|
|a unmediated
|b n
|2 rdamedia
|
| 338 |
|
|
|a volume
|b nc
|2 rdacarrier
|
| 500 |
|
|
|a "Revised by William G. Walter."
|
| 500 |
|
|
|a "Second edition."
|
| 650 |
|
0 |
|a Bacteriology.
|
| 700 |
1 |
|
|a Walter, William Goff.
|
| 999 |
|
|
|a MARS
|
| 999 |
f |
f |
|s 6a21f51c-21dd-3909-b3c1-05511d26be0a
|i c14f4455-a5fb-3336-8428-492d9884077b
|t 0
|
| 952 |
f |
f |
|p ric
|a Texas A&M University
|b Rellis Campus
|c Joint Library Facility
|d Remote Storage
|t 0
|e QR41 .S93 1947
|h Library of Congress classification
|i unmediated -- volume
|m A14801002557
|
| 998 |
f |
f |
|a QR41 .S93 1947
|t 0
|l Remote Storage
|